Регионална библиотека "Любен Каравелов" - Русе

Проблемът болка (Запис номер 8614)

MARC детайли
000 -Лидер
Контролно поле с фиксирана дължина 01927nam a2200385 c 4500
003 - Код на организацията, давaща контролен номер
Контролно поле BLK
005 - Дата и час на последна редакция
Контролно поле 20180420214335.0
008 - Елементи от данни с фиксирана дължина
fixed length control field 180412b bul|||||r ||||||| ||bul||
010 ## - Наследен системен номер
LC control number KNG00009972000
020 ## - Международен стандартен номер на книга ISBN
Международен стандартен номер на книга ISBN 954-407-067-2
-- издат.: Нов човек
040 ## - Източник на каталожния запис
Идентификатор на билиотеката - собственик на записа BLK
041 ## - Код за език
Код за езика на текст/звукозапис или на отделно заглавие Български
Код за езика КДБФ Български
080 ## - УДК
Текстов определител УДК Религия и наука. Теология и философия. Знание и вяра. Конфликт между църквата и науката Вж и 001;1;291. 1;234; 239
УДК код - определител по УДК 215
УДК определител
УДК - код + определител 215
080 ## - УДК
Текстов определител УДК Религиозен морал - Свобода на волята, съвест, добродетели, грехове, 10-те Божи заповеди, изповеди, причастия, пости, съсловни задължения на духовниците. Вж и 172;174;291. 5
УДК код - определител по УДК 241
УДК определител
УДК - код + определител 241
100 1# - Редна дума - Автор
Автор Луис, Клайв Стейпълс
Авторска отговорност първи автор
R(LIN) 253647
139 ## - Редно поле
Редна дума Луис, Клайв Стейпълс
Авторски знак Лу - Л 85
245 10 - Сведения за заглавието
Заглавие Проблемът болка
Редно поле (дума) Клайв Стейпълс Луис; прев. от англ. Светла Биюкова; прев. от англ. Цветан Биюков.
257 ## - Страна на издаване
Страна на създаване/издаване Великобритания
260 ## - Област на издателските данни
-- София
Име на издателя, разпространителя и проч. Нов човек
Година на издаване 1995
Печатница Пловдив : Полиграфия
300 ## - Физическа характеристика
Страници 160 с.
Размери/Мащаб 20 см
380 ## - Жанр
Жанр Религия. Теология
500 ## - Общи забележки
Забележка Ориг. загл. The problem of pain / C. S. Lewis.
650 #4 - Допълнително описание по предмет – тема
Основно описание – тема или топоним Религиозна философия
9 (RLIN) 241531
650 #4 - Допълнително описание по предмет – тема
Основно описание – тема или топоним Морал, религиозен
9 (RLIN) 242678
653 ## - Ключова дума – ненормативна
Ключова дума религия
653 ## - Ключова дума – ненормативна
Ключова дума религиозна философия
653 ## - Ключова дума – ненормативна
Ключова дума болка
700 1# - Други автори (авторска отговорност)
Лично име Биюкова, Светла
Автороска отговорност (Описва отношението между автора и произведението) прев. от англ.
9 (RLIN) 39326
700 1# - Други автори (авторска отговорност)
Лично име Биюков, Цветан
Автороска отговорност (Описва отношението между автора и произведението) прев. от англ.
9 (RLIN) 39325
852 ## - Местоположение
Форматна сигнатура Цб 184852
856 4# - Електронен адрес и достъп
Електронен формат pdf - файл
Път до файла /url/
856 4# - Електронен адрес и достъп
Електронен формат pdf - файл
Път до файла /url/
942 ## - АРТИКУЛИ
Вид на библиотечния материал Книги
Скрит в OPAC Не
944 ## - СЪЗДАВАНЕ И РЕДАКЦИЯ на ЗАПИСА
Създаване/Редакция Създаване
Дата на регистрацията/редакция 15.01.2003
Служител, извършил регистрацията/редакцията Геновева_Генчева
944 ## - СЪЗДАВАНЕ И РЕДАКЦИЯ на ЗАПИСА
Създаване/Редакция Редакция
Дата на регистрацията/редакция 13.08.2013
Служител, извършил регистрацията/редакцията
999 ## - СИСТЕМНИ КОНТРОЛНИ НОМЕРА
Koha biblionumber 8614
Koha biblioitemnumber 8614
Наличности
Код за отписване Код за изгубен артикул Източник на класификационната схема Код за повреда Коз за рестрикции Код за отдаване Артикулен № Име на библиотеката - собственик Име на библиотеката, в която се намира в момента Статус (Текущо местоположение) Дата на вписване в системата Местоположение - отдел Цена в лева Инвентарен номер Систематично азбучна сигнатура Баркод Номер на екземпляра Цена в евро Служебна бележка Служебен тип на артикула
Изтеглен Не е изгубен Universal Decimal Classification Не е повреден без рестрикции заемане за дома 14966 Регионална библиотека "Любен Каравелов" Русе Регионална библиотека "Любен Каравелов" Русе Заемна - подръчен фонд 2001-01-01 Заемна - подръчен фонд 0.99 617754 П 215/Л 85 617754 1 0.51 Дата инв: 02.02.2018 Бележки инв: П2018 Книги
Изтеглен Не е изгубен Universal Decimal Classification Не е повреден без рестрикции заемане за дома 14967 Регионална библиотека "Любен Каравелов" Русе Регионална библиотека "Любен Каравелов" Русе Заемна - подръчен фонд 2001-01-01 Заемна - подръчен фонд 0.99 617755 П 215/Л 85 617755 2 0.51 Дата инв: 02.02.2018 Бележки инв: П2018 Книги
  Не е изгубен Universal Decimal Classification Не е повреден без рестрикции ползва се в читалня 14968 Регионална библиотека "Любен Каравелов" Русе Регионална библиотека "Любен Каравелов" Русе Хранилище 2001-01-01 Хранилище 0.00 618605 Цб 184852 120000618605 3 0.00 Дост: Dp Вид: Д N: 45 Дата: 01.01.1995 Дата инв: 18.08.2014 Бележки инв: Цб2014 Книги
Vip Innovations Ltd, Rousse, Bulgaria 2025